00383nam a2200145Ia 4500008004100000020000500041082001800046100001900064245003800083260004400121300000500165650002100170650002200191700002400213140316s9999 xx 000 0 und d a a519.2bSAN/ST aSanjay,Bhatter aStatistics and probability theory aNewdelhibVayu education of Indiac2011 a aEvents and trial aFavourable events aVijay Kumar,Singhal